<?xml version="1.0" encoding="UTF-8"?><?xml-stylesheet type="text/xsl" href="static/style.xsl"?><OAI-PMH xmlns="http://www.openarchives.org/OAI/2.0/" xmlns:xsi="http://www.w3.org/2001/XMLSchema-instance" xsi:schemaLocation="http://www.openarchives.org/OAI/2.0/ http://www.openarchives.org/OAI/2.0/OAI-PMH.xsd"><responseDate>2026-04-13T13:19:04Z</responseDate><request verb="GetRecord" identifier="oai:www.recercat.cat:2072/377527" metadataPrefix="marc">https://recercat.cat/oai/request</request><GetRecord><record><header><identifier>oai:recercat.cat:2072/377527</identifier><datestamp>2024-12-20T14:09:40Z</datestamp><setSpec>com_2072_199267</setSpec><setSpec>com_2072_4427</setSpec><setSpec>col_2072_199862</setSpec></header><metadata><record xmlns="http://www.loc.gov/MARC21/slim" xmlns:dcterms="http://purl.org/dc/terms/" xmlns:xsi="http://www.w3.org/2001/XMLSchema-instance" xmlns:doc="http://www.lyncode.com/xoai" xsi:schemaLocation="http://www.loc.gov/MARC21/slim http://www.loc.gov/standards/marcxml/schema/MARC21slim.xsd">
   <leader>00925njm 22002777a 4500</leader>
   <datafield ind2=" " ind1=" " tag="042">
      <subfield code="a">dc</subfield>
   </datafield>
   <datafield ind2=" " ind1=" " tag="720">
      <subfield code="a">Salazar, M.A.</subfield>
      <subfield code="e">author</subfield>
   </datafield>
   <datafield ind2=" " ind1=" " tag="720">
      <subfield code="a">Sepe, D.</subfield>
      <subfield code="e">author</subfield>
   </datafield>
   <datafield ind2=" " ind1=" " tag="260">
      <subfield code="c">2014-01-01</subfield>
   </datafield>
   <datafield ind2=" " ind1=" " tag="520">
      <subfield code="a">This paper investigates the local and global theory of contact isotropic realisations of Jacobi manifolds, which are contact realisations of minimal dimension. These arise in the study of integrable Hamiltonian systems on contact manifolds, while also extending the Boothby-Wang construction of regular contact manifolds. The main results of the paper are local smooth and contact normal forms for contact isotropic realisations, which, amongst other things, provide an intrinsic proof of the existence of local action-angle coordinates for integrable Hamiltonian systems, as well as a cohomological criterion to construct such realisations. Moreover, one of the smooth invariants of such realisations is interpreted as providing a type of transversal projective structure on the foliation of the underlying Jacobi structures.</subfield>
   </datafield>
   <datafield ind1="8" ind2=" " tag="024">
      <subfield code="a">http://hdl.handle.net/2072/377527</subfield>
   </datafield>
   <datafield ind2="0" ind1="0" tag="245">
      <subfield code="a">Contact isotropic realisations of Jacobi manifolds</subfield>
   </datafield>
</record></metadata></record></GetRecord></OAI-PMH>